000 00605nam a2200253Ia 4500
005 20260121155219.0
008 008 260114s9999 xx 000 0 eng d
020 _a9781003001553
037 _aEBOOK
040 _aCRL
040 _beng
040 _cCRL
041 _2eng
041 _aeng
084 _qCRL
100 _a Alexia Nalewaik
_91016769
245 0 _aProject Cost Recording and Reporting
260 _bTaylor and Francis
260 _c2020
856 _uhttp://www.taylorfrancis.com/books/9781003001553
942 _cEBOOK
999 _c1583588
_d1583588